000 00714cam a22002655a 4500
001 L148611
002 17760
008 091013s2009 xxk f 000 0 eng d
020 _a9781846611513
035 _a(Sirsi) u148611
041 0 _aeng
050 0 4 _a346.42078 $2 18
100 1 _aLevaggi, Peter
245 0 0 _aProperty insolvency
260 _aBristol
_bJordans
_c2009
300 _axlviii, 356p.
_c25cm.
350 _a95
520 _aDiscusses the law relating to property and insolvency, including bankruptcy and trustee sales.
521 _aAdvanced
590 _aKA
651 4 _aEngland and Wales
_y1543-
690 _aMANAGEMENT-CORPORATE RECOVERY
700 1 _aElford, Roger
942 _n0
999 _c110131
_d110131